[Event "Sparkassen Open A"]
[Site "Dortmund GER"]
[Date "2011.07.28"]
[Round "6.23"]
[White "Wittenberg, Andreas"]
[Black "Freise, Eckhard"]
[Result "1-0"]
[WhiteElo "2166"]
[BlackElo "2032"]
[WhiteFideId "24678155"]
[BlackFideId "4652193"]
[EventDate "2011.07.23"]

1. c4 e5 2. g3 g6 3. Bg2 Bg7 4. Nc3 a5 5. b3 d6 6. Bb2 Nh6 7. e3 Na6 8. d4 exd4
9. exd4 O-O 10. Nge2 c6 11. O-O Bd7 12. Qd2 Nf5 13. Rad1 Bh6 14. Qc2 Nb4 15. Qb1
Re8 16. a3 Na6 17. Rfe1 Bg7 18. Qc2 Qe7 19. Kf1 Nh6 20. Nf4 Bf5 21. Qd2 Qd7 22.
Na4 Rxe1+ 23. Rxe1 Re8 24. Qxa5 g5 25. Ne2 Bd3 26. Qd2 Qf5 27. Kg1 Ng4 28. Nc1
Rxe1+ 29. Qxe1 Nc7 30. h3 Nf6 31. Nc3 Ne6 32. Qd2 Bc2 33. d5 Nc5 34. b4 Nb3 35.
Nxb3 Bxb3 36. dxc6 bxc6 37. Qe2 d5 38. cxd5 cxd5 39. Qd2 h5 40. Ne2 Qb1+ 41. Qc1
Qf5 42. Nd4 Qd3 43. Bf1 Qd1 44. Qc8+ Bf8 45. Nxb3 Qxb3 1-0

[Event "Sparkassen Open A"]
[Site "Dortmund GER"]
[Date "2011.07.28"]
[Round "6.24"]
[White "Mackowiak, Sascha"]
[Black "Steinle, Carsten"]
[Result "0-1"]
[WhiteElo "1964"]
[BlackElo "2146"]
[WhiteFideId "24619299"]
[BlackFideId "24676462"]
[EventDate "2011.07.23"]

1. d4 Nf6 2. Nf3 b6 3. c4 e6 4. a3 Bb7 5. Nc3 d5 6. Bg5 Be7 7. Bxf6 Bxf6 8. cxd5
exd5 9. Qa4+ Qd7 10. Qxd7+ Nxd7 11. Nb5 Bd8 12. g3 O-O 13. Bg2 Re8 14. O-O Rxe2
15. Rfe1 Rxe1+ 16. Rxe1 Kf8 17. Bh3 Bc6 18. Nc3 Nf6 19. Ne5 Bb7 20. Nb5 a6 21.
Nc3 Be7 22. g4 h6 23. f4 Bd6 24. g5 Nh5 25. gxh6 gxh6 26. f5 Nf6 27. Kf2 Re8 28.
Bg2 c5 29. Nf3 Ng4+ 30. Kf1 Ne3+ 31. Kf2 cxd4 32. Nxd4 Bc5 33. Nb3 Ng4+ 34. Kg3
Rxe1 35. Nxc5 bxc5 36. Kxg4 Rg1 37. Kh3 Rxg2 38. Kxg2 d4+ 39. Kf2 dxc3 40. bxc3
Ke7 41. Ke3 Kf6 42. Kf4 Bc6 43. h4 a5 44. Kg4 Be4 45. Kh5 Kg7 46. Kg4 Bc2 0-1

[Event "Sparkassen Open A"]
[Site "Dortmund GER"]
[Date "2011.07.28"]
[Round "6.25"]
[White "Neuer, Thomas"]
[Black "Hagedorn, Alfons"]
[Result "1-0"]
[WhiteElo "2096"]
[BlackElo "1958"]
[WhiteFideId "24604089"]
[BlackFideId "24651508"]
[EventDate "2011.07.23"]

1. Nf3 Nf6 2. g3 d5 3. Bg2 Nc6 4. d4 Bf5 5. c3 Qd7 6. h3 e6 7. Nbd2 Bd6 8. Nh4
Be4 9. Nxe4 Nxe4 10. Nf3 O-O-O 11. Nd2 f5 12. Nxe4 fxe4 13. Qa4 Qf7 14. Be3 Qg6
15. O-O-O Kd7 16. h4 b5 17. Qb3 a5 18. Bh3 b4 19. h5 Qf7 20. Qxd5 bxc3 21. bxc3
Rb8 22. Kc2 Rb6 23. Rb1 Rhb8 24. Rxb6 Rxb6 25. Rb1 Rxb1 26. Kxb1 Qe8 27. Kc2 Nd8
28. Qxa5 Ke7 29. Bg5+ Kf7 30. a4 Nb7 31. Qb5 Qc8 32. d5 Nc5 33. dxe6+ Kg8 34. e7 1-0

[Event "Sparkassen Open A"]
[Site "Dortmund GER"]
[Date "2011.07.28"]
[Round "6.28"]
[White "Hobusch, Jan"]
[Black "Schmidt, Kai-Uwe"]
[Result "1-0"]
[WhiteElo "1934"]
[BlackElo "2050"]
[WhiteFideId "12907634"]
[BlackFideId "4608755"]
[EventDate "2011.07.23"]

1. e4 d6 2. d4 Nf6 3. Nc3 g6 4. Bg5 Bg7 5. e5 dxe5 6. dxe5 Ng4 7. Qxd8+ Kxd8 8.
Rd1+ Bd7 9. e6 fxe6 10. Nf3 Nc6 11. Bc4 Ke8 12. O-O Rf8 13. Nb5 Rc8 14. Rxd7
Rxf3 15. Rxc7 Rd8 16. gxf3 Nxh2 17. Kxh2 Be5+ 18. f4 1-0

[Event "Sparkassen Open A"]
[Site "Dortmund GER"]
[Date "2011.07.28"]
[Round "6.29"]
[White "Hillebrand, Carsten"]
[Black "Puetter, Pascal"]
[Result "1/2-1/2"]
[WhiteElo "2145"]
[BlackElo "1965"]
[WhiteFideId "12905950"]
[BlackFideId "1271567"]
[EventDate "2011.07.23"]

1. c4 e6 2. g3 d5 3. Bg2 Nf6 4. Nf3 c6 5. O-O Bd6 6. Na3 O-O 7. d3 Re8 8. Qc2
Nbd7 9. b3 Qa5 10. Qb2 e5 11. Rb1 e4 12. b4 Bxb4 13. Qxb4 Qxb4 14. Rxb4 exf3 15.
Bxf3 Ne5 16. Bg2 dxc4 17. dxc4 h6 18. Rb3 Re7 19. Bb2 Ned7 20. e3 Nc5 21. Bxf6
gxf6 22. Rb2 Bf5 23. Rd1 Be4 24. Bxe4 Rxe4 25. Rd4 f5 26. Nb1 b6 27. Nc3 Rxd4
28. exd4 Ne4 29. Nxe4 fxe4 30. Kf1 Rd8 31. Rd2 f5 32. Ke2 Kf7 33. Ke3 Kf6 34. a4
Rg8 35. a5 Rb8 36. Rb2 Rb7 37. Kf4 h5 38. f3 exf3 39. Kxf3 b5 40. d5 cxd5 41.
Rxb5 Rc7 42. cxd5 Rc3+ 43. Kg2 Rd3 44. Rb7 Rxd5 45. Rxa7 Rd4 46. Rb7 Ra4 47.
Rb6+ Kg7 48. a6 Kf7 49. Kf3 h4 50. gxh4 Rxh4 51. Rb7+ Kf6 52. Rb6+ Kf7 53. a7
Ra4 54. Rb7+ Kf6 55. h4 Kg6 56. Rc7 Kh5 57. Rb7 Kg6 58. Rb6+ 1/2-1/2

[Event "Sparkassen Open A"]
[Site "Dortmund GER"]
[Date "2011.07.28"]
[Round "6.30"]
[White "Andersen, Knut"]
[Black "Shishkov, Mark"]
[Result "1-0"]
[WhiteElo "2093"]
[BlackElo "1954"]
[WhiteFideId "4672666"]
[BlackFideId "12911682"]
[EventDate "2011.07.23"]

1. c4 c5 2. Nc3 Nc6 3. g3 g6 4. Bg2 Bg7 5. Rb1 d6 6. a3 a5 7. Nf3 e5 8. d3 Nge7
9. O-O O-O 10. Bd2 f5 11. Qc1 Be6 12. Bh6 Qd7 13. Bxg7 Kxg7 14. Ng5 Bg8 15. f4
h6 16. Nh3 e4 17. dxe4 Bxc4 18. b3 Be6 19. Qb2 Kh7 20. Nf2 Nd4 21. Nd5 Bxd5 22.
exd5 Nb5 23. Rfd1 Rfe8 24. a4 Nc7 25. e4 fxe4 26. Bxe4 Nf5 27. Ng4 Rf8 28. Nf6+
Rxf6 29. Qxf6 Qg7 30. Qxg7+ Kxg7 31. Bxf5 gxf5 32. Re1 Kf7 33. Rbd1 Re8 34. Rxe8
Kxe8 35. Kg2 b5 36. axb5 Nxb5 37. g4 fxg4 38. Kg3 Nd4 39. Rd3 h5 40. Kh4 Nf3+
41. Kxh5 Nxh2 42. Kh4 Nf3+ 43. Kxg4 Nd4 44. Kg5 Kf7 45. f5 Nb5 46. Rh3 Nd4 47.
f6 Kg8 48. Kg6 Ne2 49. f7+ 1-0

[Event "Sparkassen Open A"]
[Site "Dortmund GER"]
[Date "2011.07.28"]
[Round "6.31"]
[White "Sehn, Norbert"]
[Black "Schuetzhold, Frank"]
[Result "1/2-1/2"]
[WhiteElo "2083"]
[BlackElo "1908"]
[WhiteFideId "4695003"]
[BlackFideId "4624980"]
[EventDate "2011.07.23"]

1. d4 Nf6 2. Nf3 e6 3. c4 Bb4+ 4. Bd2 a5 5. Nc3 b6 6. e3 Bb7 7. Be2 Bxc3 8. Bxc3
Ne4 9. Qc2 d6 10. O-O Nxc3 11. Qxc3 Qf6 12. Rac1 Nd7 13. Nd2 c5 14. Bf3 Bxf3 15.
Nxf3 O-O 16. Rfd1 Rfd8 17. Rd2 Qe7 18. Rcd1 Nf6 19. Qb3 Qc7 20. Qb5 Kf8 21. Rd3
a4 22. b4 axb3 23. Qxb3 b5 24. dxc5 bxc4 25. Qxc4 d5 26. Qc2 Rdc8 27. Rc1 Ne4
28. c6 Ra6 29. Nd4 e5 30. f3 exd4 31. fxe4 dxe4 32. Rxd4 Qxc6 33. Qxc6 Rcxc6 34.
Rxc6 Rxc6 35. Rxe4 1/2-1/2

[Event "Sparkassen Open A"]
[Site "Dortmund GER"]
[Date "2011.07.28"]
[Round "6.32"]
[White "Ditmas, Hugh"]
[Black "Zwielich, Frank"]
[Result "1/2-1/2"]
[WhiteElo "1912"]
[BlackElo "2056"]
[WhiteFideId "1270666"]
[BlackFideId "12916846"]
[EventDate "2011.07.23"]

1. d4 d5 2. c4 e6 3. Nf3 c6 4. Nc3 dxc4 5. a4 Bb4 6. e3 b5 7. Bd2 Qb6 8. Ne4 Be7
9. b3 cxb3 10. Qxb3 Ba6 11. axb5 Bxb5 12. Nc3 Ba6 13. Qxb6 axb6 14. Bd3 Nf6 15.
Ne5 Bb7 16. O-O O-O 17. Rxa8 Bxa8 18. Ra1 Nbd7 19. Ra7 Rd8 20. Nxd7 Nxd7 21. Be4
Bb4 22. Nb1 Bf8 23. f4 f5 24. Bf3 Nf6 25. Kf1 Nd5 26. Nc3 c5 27. Nb5 Bc6 28. Nc3
cxd4 29. exd4 Nb4 30. Bxc6 Nxc6 31. Rb7 Rb8 32. Rd7 b5 33. d5 exd5 34. Nxd5 b4
35. Bc1 b3 36. Bb2 Nb4 37. Ke2 Nxd5 38. Rxd5 Rc8 1/2-1/2

[Event "Sparkassen Open A"]
[Site "Dortmund GER"]
[Date "2011.07.28"]
[Round "6.33"]
[White "Eckert, Marius"]
[Black "Maniocha, Marek"]
[Result "1-0"]
[WhiteElo "1894"]
[BlackElo "2052"]
[WhiteFideId "12922234"]
[BlackFideId "4636821"]
[EventDate "2011.07.23"]

1. e4 e5 2. Nf3 Nc6 3. Bc4 Be7 4. d4 d6 5. h3 Nf6 6. Nc3 O-O 7. O-O Nxe4 8. Nxe4
d5 9. Bxd5 Qxd5 10. Nc3 Qd6 11. d5 Nd4 12. Nxd4 exd4 13. Qxd4 Qg6 14. Re1 Bf6
15. Qe3 Bd7 16. Ne4 Rae8 17. Qf3 Be5 18. Bd2 Bxb2 19. Rab1 Bd4 20. Bb4 f5 21.
Nc5 Rxe1+ 22. Rxe1 Qb6 23. Nxd7 Qxb4 24. Qe2 g6 25. Nxf8 Qxf8 26. Qe7 Bc5 27.
Qd7 Qf7 28. Re8+ Kg7 29. Qxf7+ Kxf7 30. Rb8 b6 31. Rb7 a5 32. Rxc7+ Kf6 33. Rxc5
bxc5 34. c4 Ke5 35. f4+ Kd6 36. g4 h6 37. gxf5 gxf5 38. Kg2 1-0

[Event "Sparkassen Open A"]
[Site "Dortmund GER"]
[Date "2011.07.28"]
[Round "6.34"]
[White "Chapman, Alan D"]
[Black "Schmitz, Tim"]
[Result "1-0"]
[WhiteElo "2043"]
[BlackElo "1934"]
[WhiteFideId "406937"]
[BlackFideId "1270221"]
[EventDate "2011.07.23"]

1. e4 c5 2. Nf3 d6 3. d4 cxd4 4. Nxd4 Nf6 5. Nc3 a6 6. Bc4 e6 7. Bb3 b5 8. Bg5
Be7 9. Qf3 Qc7 10. O-O-O Bd7 11. Rhe1 Nc6 12. Bxf6 gxf6 13. Nd5 Qa7 14. Nxf6+
Kd8 15. Nxc6+ Bxc6 16. Qc3 Rc8 17. Nd5 Rg8 18. Nxe7 Kxe7 19. Qd2 Qc5 20. g3 b4
21. Qf4 Qg5 22. Qxg5+ Rxg5 23. f4 Rc5 24. a3 bxa3 25. bxa3 a5 26. Rd4 Rb8 27.
Kd2 Rc8 28. c4 Be8 29. e5 dxe5 30. fxe5 Rb8 31. Bc2 h5 32. Rh4 f6 33. exf6+ Kxf6
34. Ree4 e5 35. Re3 Rd8+ 36. Rd3 Rxd3+ 37. Bxd3 Bf7 38. Kc3 Kg5 39. Re4 Bg6 40.
h4+ Kf6 41. Re1 Bf7 42. Rb1 e4 43. Be2 Rf5 44. Kd4 Rf2 45. Rf1 Rxf1 46. Bxf1 Bg6
47. Bg2 e3 48. Kxe3 Ke5 49. Bf3 Bf7 50. c5 Bg6 51. c6 Kd6 52. Kf4 Bf7 53. Kg5
Be8 54. Kf6 Kc7 55. g4 hxg4 56. Bxg4 Kxc6 57. h5 Bxh5 58. Bxh5 Kc5 59. a4 Kd6
60. Be8 Kd5 1-0

[Event "Sparkassen Open A"]
[Site "Dortmund GER"]
[Date "2011.07.28"]
[Round "6.36"]
[White "Weber, Martin"]
[Black "Henkemeier, Markus"]
[Result "1/2-1/2"]
[WhiteElo "2033"]
[BlackElo "1895"]
[WhiteFideId "12901369"]
[BlackFideId "1271859"]
[EventDate "2011.07.23"]

1. e4 c6 2. Nf3 d5 3. exd5 cxd5 4. Ne5 Nf6 5. d4 e6 6. c3 Bd6 7. Nd2 Nfd7 8. f4
O-O 9. Bd3 Qh4+ 10. g3 Qh3 11. Bf1 Qf5 12. Bd3 Qh3 13. Nf1 Qf5 1/2-1/2

[Event "Sparkassen Open A"]
[Site "Dortmund GER"]
[Date "2011.07.28"]
[Round "6.39"]
[White "Morgenroth, Hubertus"]
[Black "Merkel, Markus"]
[Result "1/2-1/2"]
[WhiteElo "1829"]
[BlackElo "2197"]
[WhiteFideId "12922269"]
[BlackFideId "4675657"]
[EventDate "2011.07.23"]

1. e4 d6 2. d4 Nf6 3. Bd3 e5 4. c3 g6 5. Ne2 Bg7 6. Bg5 O-O 7. O-O b6 8. f4 Nbd7
9. Nd2 h6 10. Bh4 exf4 11. Bxf6 Nxf6 12. Nxf4 Bb7 13. Qc2 c5 14. Rae1 cxd4 15.
cxd4 Nh7 16. e5 dxe5 17. dxe5 Rc8 18. Qb3 g5 19. Ng6 Qd4+ 20. Kh1 Qg4 21. Ne4
Rc7 22. Nxf8 Nxf8 23. h3 Qh4 24. Qd1 Bxe5 25. Qg4 Qxg4 26. hxg4 Bxe4 27. Bxe4
Bxb2 28. Bf5 Kg7 29. Rb1 Bd4 30. Rbc1 Bc5 31. Rfe1 Ng6 32. g3 Ne7 33. Red1 Nxf5
34. gxf5 h5 35. Kg2 Kf6 36. Rh1 1/2-1/2

[Event "Sparkassen Open A"]
[Site "Dortmund GER"]
[Date "2011.07.28"]
[Round "6.40"]
[White "Meyer, Michael"]
[Black "Niediek, Cedric"]
[Result "1-0"]
[WhiteElo "2083"]
[BlackElo "1820"]
[WhiteFideId "12926744"]
[BlackFideId "12936685"]
[EventDate "2011.07.23"]

1. d4 d5 2. c4 e6 3. Nc3 Nf6 4. Bg5 Be7 5. e3 b6 6. Rc1 O-O 7. cxd5 Nxd5 8. Nxd5
exd5 9. Bf4 Bd6 10. Ne2 Ba6 11. Bxd6 Qxd6 12. Ng3 Bxf1 13. Nxf1 Nd7 14. Ng3 g6
15. O-O a6 16. Qc2 c5 17. dxc5 bxc5 18. Rfd1 Rac8 19. Qd3 Nf6 20. e4 d4 21. Qd2
Rfe8 22. Re1 Nd7 23. b3 f6 24. f3 Nb8 25. Ne2 Nc6 26. Nc3 Rcd8 27. Na4 Re5 28.
Qd3 Rh5 29. Qc4+ Kh8 30. h3 Ne5 31. Qf1 Nd7 32. Red1 Rc8 33. Nb2 Rc6 34. Qf2 Nb6
35. Nc4 Nxc4 36. Rxc4 Re5 37. Qc2 Re8 38. Rdxd4 cxd4 39. Rxc6 Qf4 40. Qc1 Qe5
41. Rxa6 d3 42. Rc6 Qd4+ 43. Kf1 d2 44. Qd1 Qd3+ 45. Kf2 Qd4+ 46. Ke2 Rxe4+ 47.
fxe4 Qxe4+ 48. Kf2 Qxc6 49. Qxd2 Qc5+ 50. Qe3 Qc2+ 51. Qe2 Qc5+ 52. Kf1 Qc1+ 53.
Qe1 Qf4+ 54. Kg1 Qd4+ 55. Kh1 Qd7 56. b4 Kg7 57. a3 Qa7 58. Qc1 Qd7 59. Qb1 Qa7
60. b5 Qb7 61. b6 Kf7 62. a4 Ke7 63. a5 Kd7 64. Qb5+ Kd8 65. Qd3+ Kc8 66. Qc4+
Kd7 67. Qd4+ Ke7 68. Qc5+ Kd7 69. a6 Qxa6 70. Qc7+ Ke6 71. b7 Qf1+ 72. Kh2 f5
73. b8=Q Qf4+ 74. Qxf4 1-0

[Event "Sparkassen Open A"]
[Site "Dortmund GER"]
[Date "2011.07.28"]
[Round "6.44"]
[White "Moeller, Jeremy"]
[Black "Oberste, Norbert"]
[Result "1/2-1/2"]
[WhiteElo "1863"]
[BlackElo "1865"]
[WhiteFideId "24692913"]
[BlackFideId "24608432"]
[EventDate "2011.07.23"]

1. e4 e6 2. d4 d5 3. e5 c5 4. c3 Nc6 5. Nf3 Bd7 6. Be2 cxd4 7. cxd4 Qb6 8. O-O
Nge7 9. Na3 Nf5 10. Nc2 Be7 11. a3 a5 12. b3 Nh4 13. Nxh4 Bxh4 14. Rb1 Be7 15.
Be3 Qc7 16. Qd2 f6 17. f4 f5 18. Rfc1 Qb8 19. Qd3 Na7 20. b4 Bb5 21. Qd2 a4 22.
Bxb5+ Nxb5 23. Qd3 Na7 24. b5 Kf7 25. Nb4 Qd8 26. Bd2 Qd7 27. b6 Bxb4 28. Bxb4
Nc6 29. Bc5 Na5 30. Qh3 Nc6 31. Qh5+ g6 32. Qg5 Qd8 33. Qh6 Rc8 34. h3 Qg8 35.
g4 Qg7 36. Qxg7+ Kxg7 37. gxf5 gxf5 38. Kf2 Kf7 39. Rg1 Rhg8 1/2-1/2

[Event "Sparkassen Open A"]
[Site "Dortmund GER"]
[Date "2011.07.28"]
[Round "6.46"]
[White "Bosshard, Rolf"]
[Black "Baerwolf, Steven"]
[Result "0-1"]
[WhiteElo "1842"]
[BlackElo "1818"]
[WhiteFideId "1310283"]
[BlackFideId "24658634"]
[EventDate "2011.07.23"]

1. Nf3 d6 2. d4 Nf6 3. Nbd2 g6 4. e4 Bg7 5. c3 O-O 6. Be2 Nbd7 7. O-O e5 8. Re1
c6 9. Bf1 Qc7 10. a4 Re8 11. a5 Nf8 12. Qc2 Nh5 13. Nc4 f5 14. dxe5 dxe5 15.
exf5 Bxf5 16. Qb3 Be6 17. Ng5 Bd5 18. Qc2 Nf6 19. Ne3 h6 20. Nxd5 cxd5 21. Nf3
e4 22. Nh4 Ng4 23. g3 g5 24. Nf5 Ne6 25. Be3 Ne5 26. Be2 Rf8 27. Nxg7 Kxg7 28.
Qd1 Rad8 29. Bd4 Nxd4 30. Qxd4 Kg8 31. Rad1 Nc6 32. Qe3 Qxa5 33. c4 Qb4 34. b3
Ne5 35. cxd5 Rxd5 36. Bc4 Nxc4 37. bxc4 Qxc4 38. Rxd5 Qxd5 39. Qxa7 b5 40. Qe7
Qd4 41. Qe6+ Kg7 42. Qxe4 Qxf2+ 43. Kh1 Qf3+ 44. Kg1 Qxe4 45. Rxe4 Rb8 46. Rb4
Kf6 47. g4 Ke5 48. Kf2 Kd5 49. Kg3 Kc5 50. Rb1 b4 51. h4 b3 52. hxg5 hxg5 53.
Kf3 Kd4 54. Ke2 Kc3 55. Rc1+ Kb4 56. Kd2 b2 57. Rb1 Kb3 58. Rf1 Ka2 59. Kc2 Rc8+
60. Kd3 b1=Q+ 0-1

[Event "Sparkassen Open A"]
[Site "Dortmund GER"]
[Date "2011.07.28"]
[Round "6.48"]
[White "Deinert, Wolfgang"]
[Black "Brehm, Stefan"]
[Result "0-1"]
[WhiteElo "1843"]
[BlackElo "1760"]
[WhiteFideId "4685229"]
[BlackFideId "1271613"]
[EventDate "2011.07.23"]

1. e4 c5 2. Nf3 d6 3. d4 cxd4 4. Nxd4 Nf6 5. Nc3 a6 6. Bg5 e6 7. f4 Nbd7 8. Qf3
Qc7 9. O-O-O Be7 10. g4 O-O 11. Bxf6 Nxf6 12. g5 Nd7 13. Rg1 b5 14. Bd3 Re8 15.
f5 Ne5 16. Qg3 b4 17. g6 Bf6 18. gxf7+ Qxf7 19. fxe6 Bxe6 20. Nd5 Nxd3+ 21. Qxd3
Bxd5 22. exd5 Qxd5 23. Nf5 Qe5 24. Qb3+ Kf8 25. Rdf1 a5 26. Rxg7 Bxg7 27. Nxd6+
Ke7 28. Nxe8 Rxe8 29. Qf7+ Kd8 30. Rd1+ Kc8 31. Qc4+ Kb8 32. Qa6 Qxb2+ 33. Kd2
Qc3+ 34. Kc1 Qa1+ 0-1

[Event "Sparkassen Open A"]
[Site "Dortmund GER"]
[Date "2011.07.29"]
[Round "7.1"]
[White "Zaitsev, Mikhail"]
[Black "Quast, Marcel"]
[Result "1-0"]
[WhiteTitle "IM"]
[WhiteElo "2499"]
[BlackElo "2173"]
[WhiteFideId "4127560"]
[BlackFideId "24663476"]
[EventDate "2011.07.23"]

1. e4 e5 2. Nf3 d6 3. d4 exd4 4. Nxd4 Nf6 5. Nc3 Be7 6. Qf3 Nbd7 7. Be2 Ne5 8.
Qg3 Ng6 9. h4 h5 10. Nf5 Bxf5 11. exf5 Ne5 12. Bf4 Nc6 13. O-O-O Qd7 14. Nd5
Nxd5 15. Rxd5 Bf6 16. Qb3 Nd4 17. Qe3+ Qe7 18. Rxd4 Bxd4 19. Bb5+ c6 20. Qxd4
cxb5 21. Bxd6 Qd7 22. Rh3 Rh6 23. Qe5+ Kd8 24. Rd3 f6 25. Qd5 Kc8 26. Rc3+ Kd8
27. Bc7+ 1-0

[Event "Sparkassen Open A"]
[Site "Dortmund GER"]
[Date "2011.07.29"]
[Round "7.2"]
[White "De Schampheleire, Glen"]
[Black "Mundorf, Johannes"]
[Result "1-0"]
[WhiteTitle "FM"]
[WhiteElo "2263"]
[BlackElo "2024"]
[WhiteFideId "208701"]
[BlackFideId "24672491"]
[EventDate "2011.07.23"]

1. d4 e6 2. c4 Bb4+ 3. Bd2 a5 4. Nc3 b6 5. e4 Bb7 6. d5 exd5 7. exd5 Qe7+ 8. Qe2
d6 9. O-O-O Qxe2 10. Ngxe2 Nd7 11. Nd4 O-O-O 12. a3 Bc5 13. Ncb5 Bxd4 14. Nxd4
Ngf6 15. b4 axb4 16. axb4 Ne5 17. f3 c6 18. dxc6 Bxc6 19. f4 Ba4 20. fxe5 dxe5
21. Nc2 Ne4 22. Be1 1-0

[Event "Sparkassen Open A"]
[Site "Dortmund GER"]
[Date "2011.07.29"]
[Round "7.3"]
[White "Savchenko, Aleksij"]
[Black "Jesse, Ingemars"]
[Result "0-1"]
[WhiteElo "2257"]
[BlackElo "2270"]
[WhiteFideId "24611727"]
[BlackFideId "11602724"]
[EventDate "2011.07.23"]

1. d4 Nf6 2. c4 g6 3. Nc3 Bg7 4. e4 O-O 5. Nf3 c6 6. Be2 d5 7. e5 Ne4 8. O-O
Nxc3 9. bxc3 dxc4 10. Bxc4 c5 11. Bf4 Nc6 12. d5 Na5 13. Be2 b6 14. Rc1 c4 15.
d6 exd6 16. exd6 Bb7 17. Nd4 Qd7 18. Bg4 f5 19. Bf3 Rfe8 20. Bxb7 Nxb7 21. Nf3
Nc5 22. Ng5 Qc6 23. Qd2 Nd3 24. Rcd1 Bxc3 25. Qxc3 Nxf4 26. Qf3 Qxf3 27. Nxf3
Rad8 28. g3 Nd3 29. Nd4 Rxd6 30. Nb5 Rd7 31. Nc3 Kf7 32. Kg2 Re5 33. f4 Ra5 34.
a4 a6 35. Rb1 Rb7 0-1

[Event "Sparkassen Open A"]
[Site "Dortmund GER"]
[Date "2011.07.29"]
[Round "7.4"]
[White "Luncescu, Christian"]
[Black "Bomans, Arno"]
[Result "0-1"]
[WhiteElo "2163"]
[BlackElo "2198"]
[WhiteFideId "4648935"]
[BlackFideId "206024"]
[EventDate "2011.07.23"]

1. e4 c6 2. c4 d5 3. exd5 cxd5 4. cxd5 Nf6 5. Nc3 Nxd5 6. Nf3 Nxc3 7. bxc3 g6 8.
d4 Bg7 9. Bd3 O-O 10. O-O Qc7 11. Bd2 Nc6 12. Re1 b6 13. Qc1 Bb7 14. Bh6 Rac8
15. Bxg7 Kxg7 16. Qe3 e6 17. h4 Ne7 18. c4 Bxf3 19. Qxf3 Rfd8 20. Qe3 Nc6 21. d5
Nb4 22. Bxg6 hxg6 23. Qc3+ e5 24. Qxb4 Qxc4 25. Qb2 Qd4 26. Qxd4 exd4 27. Re7 d3
28. Rd1 Rxd5 29. Rxa7 Rc2 30. Ra3 Rf5 31. Rf1 Rd5 32. Rd1 Rf5 33. Rf1 d2 34. Rd3
Ra5 35. a3 Re5 36. Kh2 Rc1 0-1

[Event "Sparkassen Open A"]
[Site "Dortmund GER"]
[Date "2011.07.29"]
[Round "7.5"]
[White "Richters, Marc"]
[Black "Kartsev, Alexandr"]
[Result "1/2-1/2"]
[WhiteElo "1969"]
[BlackElo "2196"]
[WhiteFideId "24612332"]
[BlackFideId "24647110"]
[EventDate "2011.07.23"]

1. e4 c6 2. d4 d5 3. Nc3 dxe4 4. Nxe4 Bf5 5. Ng3 Bg6 6. Bc4 e6 7. N1e2 Bd6 8.
O-O Qc7 9. f4 Ne7 10. Bd3 Nd7 11. Ne4 O-O-O 12. Nxd6+ Qxd6 13. c4 c5 14. Be3 Bh5
15. Qa4 Bxe2 16. Bxe2 cxd4 17. Rad1 Nc6 18. Bf3 Nc5 19. Qa3 e5 20. b4 Ne6 21. c5
Qc7 22. Bd2 exf4 23. b5 Ne5 24. Qxa7 Nxf3+ 25. Rxf3 Rd7 26. Rc1 Qb8 27. Qa5 g5
28. c6 bxc6 29. Rxc6+ Rc7 30. Rb3 Kd7 31. Qb4 Rb7 32. Qc4 Qe5 33. a4 Rhb8 34.
Rb1 Qf5 35. Re1 f3 36. Rf1 g4 37. Qb4 Qd5 38. Qc4 Qxc4 39. Rxc4 Kd6 40. gxf3 Kd5
41. Rb4 gxf3 42. Rxf3 Ke4 43. Rh3 f5 44. Kf2 Ke5 45. Rf3 Rc8 46. Rb2 Nc5 47.
Bf4+ Kd5 48. a5 Na4 49. Rb4 Nc3 50. b6 Ra8 51. Rd3 Ne4+ 52. Kf3 Rxa5 53. Rdxd4+
Ke6 54. Bc7 Nf6 55. Rbc4 Rb5 56. Rc6+ Kf7 57. Rdd6 Nd5 58. Rd7+ Ke8 59. Rxh7
R5xb6 60. Rxb6 Nxb6 61. Rh8+ Kd7 62. Bxb6 Rxb6 63. Kf4 Rb5 64. h4 Ke7 65. Kg5
Kf7 66. Rc8 f4+ 67. Kxf4 Kg6 68. Rg8+ Kh5 69. Rg5+ Rxg5 70. hxg5 Kg6 71. Kg4 Kg7
72. Kf5 Kf7 73. g6+ Kg7 74. Kg5 Kg8 75. Kf6 Kf8 1/2-1/2

[Event "Sparkassen Open A"]
[Site "Dortmund GER"]
[Date "2011.07.29"]
[Round "7.6"]
[White "Tran, Duc Cuong"]
[Black "Ciornei, Dragos"]
[Result "0-1"]
[WhiteElo "1974"]
[BlackElo "2182"]
[WhiteFideId "24689718"]
[BlackFideId "4619200"]
[EventDate "2011.07.23"]

1. e4 e5 2. Nf3 Nc6 3. Bc4 Nf6 4. d3 h6 5. c3 d6 6. Bb3 g6 7. Nbd2 Bg7 8. O-O
O-O 9. Re1 Nh5 10. Nf1 Qf6 11. h3 Nf4 12. Ne3 g5 13. Nd5 Nxd5 14. exd5 Ne7 15.
d4 Ng6 16. dxe5 dxe5 17. Nd2 Nf4 18. Ne4 Qg6 19. Ng3 Kh8 20. Bc2 f5 21. Be3 b6
22. Kh2 Bd7 23. Rc1 Rad8 24. c4 Bc8 25. Bd2 c6 26. dxc6 Qxc6 27. Rg1 e4 28. b3
Bb7 29. Qe1 Nxg2 30. Rxg2 e3 31. Be4 exd2 32. Bxc6 dxe1=Q 33. Rxe1 Bxc6 34. Rgg1
f4 35. Nh5 Rfe8 36. h4 Rd2 37. hxg5 Rxf2+ 38. Kh3 Bd7+ 0-1

[Event "Sparkassen Open A"]
[Site "Dortmund GER"]
[Date "2011.07.29"]
[Round "7.7"]
[White "Pueschel, Werner"]
[Black "Sundorf, Jannik"]
[Result "0-1"]
[WhiteElo "2163"]
[BlackElo "2121"]
[WhiteFideId "4647025"]
[BlackFideId "12905380"]
[EventDate "2011.07.23"]

1. e4 c5 2. Nf3 g6 3. Nc3 Bg7 4. Be2 Nc6 5. O-O d6 6. Bb5 Bd7 7. d3 Nf6 8. Rb1
O-O 9. Bg5 h6 10. Bh4 Nd4 11. Bxf6 Bxf6 12. Bxd7 Qxd7 13. Nd5 Nxf3+ 14. Qxf3 Bg7
15. b3 Qd8 16. a4 e6 17. Ne3 a6 18. b4 Rb8 19. b5 Qa5 20. Nc4 Qxa4 21. Nb6 Qa5
22. Nd7 axb5 23. Nxf8 Rxf8 24. Qe2 b4 25. f4 Bd4+ 26. Kh1 Qd8 27. f5 Qg5 28. Rf3
Qh5 29. fxg6 fxg6 30. Rxf8+ Kxf8 31. g4 Qg5 32. Rf1+ Kg7 33. Qf3 Qf6 34. Kg2
Qxf3+ 35. Rxf3 b5 36. Kf1 c4 37. Ke2 Bf6 38. Kd1 Kf7 39. d4 Ke7 40. d5 Be5 41.
h3 g5 42. dxe6 Bf4 43. h4 Kxe6 44. hxg5 hxg5 45. Rh3 Ke5 46. Rh7 Kxe4 47. Rb7
Be3 48. Ke2 Bc5 49. Rxb5 Kf4 50. Rb7 Kxg4 51. Rg7 Kf4 52. Rf7+ Kg3 53. Rf3+ Kg2
54. Rf5 g4 55. Rf4 g3 56. Rh4 b3 0-1